000 01014nam a22002297a 4500
005 20101124140442.0
008 101124t xxu||||| |||| 00| 0 mar d
010 _aMAR-20402
020 _c300.00
035 _aMR-13060
037 _bDBAD / PUB
040 _aDPL
_bMR
082 _a921
100 _aअरळीकर,सुनीता
_924442
245 _aहिरकणीचं /
_cसुनीता अरळीकर
246 _aHirkanicha Birhad
_bby Sunita Arlikar
260 _aपुणे
_bअक्षर मानव प्रकाशन
_c2010
270 _a959,पवनपुत्र दुसरा मजला,शिवाजी रस्ता,शुक्रवार पेठ
_bपुणे
_e411002
300 _a349पृ
_c21सेमी (अजिल्द)
942 _2ddc
_cMR
_h921
_mअरळी
999 _c48790
_d48790